000 00833naa a22002657u 4500
001 03181
003 HDC
007 cr bn ---aaaaa
008 210104t200202 cc 000 0 eng
040 _aHDC
245 0 _aFFTC Research Highlights
260 _aTaiwan :
_bFFTC Research Highlights,
_c2002
300 _a2 pages
336 _atext
_2rdacontent
337 _acomputer
_2rdamedia
338 _aonline resource
_2rdacarrier
500 _aVarious titles inside
650 _aAgricultural innovations
_91956
650 _aAgriculture
_92036
650 _aFood industry and trade
_9140
856 _zRequest full-text at [email protected]
942 _2lcc
942 _cEIJ
942 _kEMAG 000181
999 _c567
_d567